[Event "35th TCh-GRE"]
[Site "Ermioni GRE"]
[Date "2006.07.06"]
[Round "4"]
[White "Mastrovasilis,A"]
[Black "Papadopoulos,I"]
[Result "1/2-1/2"]
[WhiteElo "2521"]
[BlackElo "2285"]

1.d4 Nf6 2.c4 e6 3.Nc3 Bb4 4.Nf3 c5 5.g3 d5 6.cxd5 Nxd5 7.Bd2 Nc6 8.a3 Ba5
9.Nxd5 Bxd2+ 10.Qxd2 Qxd5 11.dxc5 Qxc5 12.Rc1 Qb6 13.Bg2 O-O 14.Qc3 e5 15.Nxe5 Nxe5
16.Qxe5 Bg4 17.O-O Rae8 18.Qc7 Qxb2 19.Qxb7 Qxb7 20.Bxb7 Bxe2 21.Rfe1 Bg4
22.a4 Rxe1+ 23.Rxe1 Rd8 24.Kg2 Kf8 25.Re5 Bc8 26.Bxc8 Rxc8 27.Ra5 Rc7 28.Kf3 Re7
29.h4 g6 30.g4 Kg7 31.h5 Rb7 32.Kg3 Rc7 33.f3 Rd7 34.Ra6 Rc7 35.Kh4 Rd7 36.Kg3 Rc7
37.Kf4 Re7 38.a5 Rb7 39.Ke5 gxh5 40.gxh5 Rb5+ 41.Kd4 Rxh5 42.Rxa7 Rf5 43.Ke4 Rb5
44.a6 Ra5 45.Ra8 h5 46.Kf4 Kf6 47.Rh8 Ra4+ 48.Kg3 Kg7 49.Rxh5 Rxa6  1/2-1/2

[Event "35th TCh-GRE"]
[Site "Ermioni GRE"]
[Date "2006.07.07"]
[Round "6"]
[White "Gustafsson,J"]
[Black "Postny,E"]
[Result "0-1"]
[WhiteElo "2589"]
[BlackElo "2591"]

1.d4 Nf6 2.c4 e6 3.Nc3 Bb4 4.Nf3 b6 5.Qc2 Bb7 6.a3 Bxc3+ 7.Qxc3 O-O 8.Bg5 d6
9.Nd2 c5 10.dxc5 bxc5 11.e3 Nbd7 12.Bd3 a5 13.O-O Ra6 14.Qc2 h6 15.Bh4 Qa8
16.f3 Rb8 17.Nb1 Rb6 18.Nc3 Ba6 19.Rab1 Ne5 20.Bxf6 gxf6 21.Ne4 f5 22.Nf6+ Kg7
23.Nh5+ Kf8 24.e4 Rb3 25.Be2 fxe4 26.fxe4 Ke7 27.Rfd1 R8b6 28.Ng3 Qb8 29.Qd2 Rxb2
30.Rxb2 Rxb2 31.Qxh6 Rb1 32.Qg5+ Kd7 33.Qd2 Bxc4 34.h4 Bxe2 35.Qxe2 c4 36.Kh2 Rxd1
37.Qxd1 Qb3 38.Qd4 c3 39.Qa7+ Ke8 40.Qa8+ Ke7 41.Qa7+ Nd7 42.Qxa5 c2 43.Qg5+ f6
44.Qd2 Qb2 45.Ne2 c1=Q  0-1

[Event "35th TCh-GRE"]
[Site "Ermioni GRE"]
[Date "2006.07.07"]
[Round "6"]
[White "Mastrovasilis,A"]
[Black "Papaioannou,I"]
[Result "1/2-1/2"]
[WhiteElo "2521"]
[BlackElo "2575"]

1.d4 Nf6 2.c4 e6 3.Nc3 Bb4 4.Nf3 c5 5.g3 cxd4 6.Nxd4 O-O 7.Bg2 d5 8.cxd5 Nxd5
9.Qb3 Nc6 10.Nxc6 bxc6 11.Bd2 Ba6 12.Qc2 Qa5 13.O-O Rab8 14.Rfc1 Nxc3 15.Bxc3 Bxc3
16.Qxc3 Qxc3 17.Rxc3 Rxb2 18.e3 Rfb8 19.h4 R8b6 20.a4 g6 21.Rxc6  1/2-1/2

[Event "Open"]
[Site "Kavala GRE"]
[Date "2006.07.07"]
[Round "5"]
[White "Mastrovasilis,A"]
[Black "Romanishin,O"]
[Result "1/2-1/2"]
[WhiteElo "2521"]
[BlackElo "2555"]

1.d4 Nf6 2.c4 e6 3.Nc3 Bb4 4.Nf3 c5 5.g3 cxd4 6.Nxd4 O-O 7.Bg2 d5 8.cxd5 Nxd5
9.Qb3 Na6 10.O-O Nxc3 11.bxc3 Be7 12.Rd1 Nc5 13.Qc4 Qa5 14.Be3 a6 15.Nb3 Qa4
16.Qd4 Qxd4 17.Bxd4 Nxb3 18.axb3 Rd8 19.Bb6 Rxd1+ 20.Rxd1 Kf8 21.c4 a5 22.Ra1 Bb4
23.c5 e5 24.Rd1 Ke7 25.Ra1 f6 26.Bd5 Bc3 27.Ra2 Bb4 28.e4 f5 29.exf5 h5 30.h3 Bxf5
31.Bxb7 Rf8 32.c6 Bxh3 33.Bxa5 Bxa5 34.Rxa5 Kd6 35.b4 Be6 36.Rc5 Bc8 37.Kg2 g6
38.Ra5 Be6 39.f3 g5 40.Rc5 Bc8 41.Ra5 Be6 42.c7 Kxc7 43.Be4 Kd6 44.Ra6+ Ke7
45.b5 Bf5 46.Bc6 g4 47.b6 gxf3+ 48.Bxf3 e4 49.Bxh5 Rb8 50.Ra5 Bd7 51.Ra7 Rxb6
52.Bg4 Rd6 53.Kf2 Ke8 54.Bxd7+ Rxd7 55.Rxd7 Kxd7 56.Ke3 Ke7 57.Kxe4 Ke6 58.Kf4 Kf6
59.Kg4 Kg6 60.Kh4 Kh6  1/2-1/2

[Event "XXIX Open"]
[Site "Barbera del Valles ESP"]
[Date "2006.07.11"]
[Round "7"]
[White "Cruz,Cr"]
[Black "Esquivel,L"]
[Result "1-0"]
[WhiteElo "2225"]
[BlackElo "2186"]

1.d4 Nf6 2.c4 e6 3.Nc3 Bb4 4.Nf3 b6 5.Bg5 h6 6.Bh4 Bb7 7.e3 g5 8.Bg3 Ne4
9.Qc2 d6 10.Bd3 Bxc3+ 11.bxc3 f5 12.d5 Nd7 13.dxe6 Ndc5 14.Nd4 Qf6 15.f3 Nxg3
16.hxg3 Qe5 17.Kf2 Be4 18.fxe4 fxe4 19.Be2 Rf8+ 20.Kg1 Qxg3 21.Rh3 Qf2+ 22.Kh2 Qf6
23.Bh5+ Ke7 24.Bg4 Ke8 25.Nc6  1-0

[Event "3rd South Wales Int"]
[Site "Caerleon WLS"]
[Date "2006.07.11"]
[Round "5"]
[White "Barsov,A"]
[Black "Allicock,R"]
[Result "1-0"]
[WhiteElo "2546"]
[BlackElo "2308"]

1.d4 Nf6 2.c4 e6 3.Nc3 Bb4 4.Nf3 c5 5.g3 Ne4 6.Qd3 cxd4 7.Nxd4 Qa5 8.Nb3 Nxc3
9.Bd2 Ne4 10.Qxe4 Bxd2+ 11.Nxd2 O-O 12.Bg2 Nc6 13.Qe3 d5 14.O-O d4 15.Qd3 Rd8
16.a3 Qc7 17.Rac1 e5 18.b4 Ne7 19.c5 Bf5 20.Ne4 Rab8 21.e3 Bxe4 22.Bxe4 dxe3
23.Qxe3 f5 24.Bb1 e4 25.f3 Nd5 26.Ba2 Qe5 27.fxe4 fxe4 28.Rfe1 Kf8 29.Qxe4 Qxe4
30.Rxe4 Nf6 31.Re3 Rd2 32.Bc4 Rbd8 33.Rf3 R8d4 34.h3 Ke7 35.Re1+ Kd8 36.Bf1 Ra2
37.g4 h6 38.Rfe3 Nd5 39.Re8+ Kc7 40.Rg8 g5 41.Rg7+ Kc6 42.Re6+  1-0

[Event "GM Scheveningen"]
[Site "Taiyuan CHN"]
[Date "2006.07.12"]
[Round "3"]
[White "Wang Yue"]
[Black "Vescovi,G"]
[Result "1-0"]
[WhiteElo "2626"]
[BlackElo "2619"]

1.d4 Nf6 2.c4 e6 3.Nc3 Bb4 4.Nf3 b6 5.Bg5 Bb7 6.Nd2 c5 7.d5 Bxc3 8.bxc3 Qe7
9.g3 exd5 10.Bg2 h6 11.Bxf6 Qxf6 12.cxd5 Qxc3 13.O-O Qf6 14.Ne4 Qg6 15.Rb1 Na6
16.Qa4 f5 17.Nc3 Qf6 18.Rbc1 Rd8 19.Nb5 O-O 20.Qb3 Kh8 21.Nxa7 Nc7 22.d6 Bxg2
23.dxc7 Ra8 24.c8=Q Raxc8 25.Kxg2 Ra8 26.Nb5 Qc6+ 27.Kg1 f4 28.Nc3 fxg3 29.fxg3 Rae8
30.e4  1-0

[Event "Blue Sevan"]
[Site "Sevan ARM"]
[Date "2006.07.13"]
[Round "1"]
[White "Babuiian,L"]
[Black "Vitiugov,N"]
[Result "1/2-1/2"]
[WhiteElo "2332"]
[BlackElo "2555"]

1.d4 Nf6 2.c4 e6 3.Nc3 Bb4 4.Nf3 O-O 5.g3 Bxc3+ 6.bxc3 b6 7.Bg2 Bb7 8.O-O d6
9.a4 a5 10.Rb1 Nbd7 11.Ne1 Bxg2 12.Kxg2 e5 13.Nd3 Qe7 14.f3 e4 15.Nf4 Rfe8
16.Rb2 Nf8 17.h4 Qd7 18.Qb3 Rab8 19.Rd2 Ng6 20.Nh3 Ne7 21.Rb2 Nf5 22.Nf4 h6
23.h5 exf3+ 24.exf3 Re3 25.Rg1 Nxd4 26.Qd1 Nf5 27.g4 Nh4+ 28.Kh3 Rxf3+ 29.Kxh4 Rxc3
30.Rb3 Rxc4 31.Rf3 Ne4 32.Ne2 Re8 33.Nd4 Qe7+ 34.Kh3 Qe5 35.Nf5 Rxc1 36.Qxc1 Ng5+
37.Kg2 Nxf3 38.Kxf3 Qe2+ 39.Kg3 Re4 40.Kh3 Rxa4 41.Qc3 Qe5 42.Qxe5 dxe5 43.Rd1 g6
44.hxg6 fxg6 45.Nxh6+ Kg7 46.g5 Rd4 47.Rf1 Rd7 48.Ng4 a4 49.Nxe5 Re7 50.Nc6 Re3+
51.Kg4 a3 52.Rc1 b5 53.Kf4 Rh3 54.Nd4 b4 55.Rxc7+ Kg8 56.Ra7 Rh2 57.Ke5 Rf2
58.Kd5 a2 59.Kc4 Rg2 60.Ne6 Rb2 61.Nc5 Rg2 62.Ne6 Rb2 63.Nc5 Rg2 64.Nd7 Kf7
65.Nc5+ Kg8 66.Kxb4 Rxg5 67.Rxa2 Rf5 68.Kc4 Kg7 69.Kd4 Rf1 70.Ne4 Rf5 71.Ke3 Rf7
72.Ra6 Rf5 73.Ng3 Rf6 74.Ra5 Rf7 75.Ne2 Rf5 76.Ra1 Rf7 77.Nd4 Rf6 78.Nf3 Rf7
79.Kf2 Rf5 80.Kg3 Kh6 81.Kg4 Rb5 82.Ra4 Rh5 83.Re4 Rf5 84.Re6 Rh5 85.Nh4 Rg5+
86.Kf4 Rg1 87.Nf5+ Kh7 88.Re7+ Kg8 89.Nd4 Kf8 90.Ra7 Rf1+ 91.Kg5 Ke8 92.Kxg6 Rg1+
93.Kf6 Rf1+ 94.Nf5 Kd8 95.Rh7 Rf2 96.Ke6 Re2+ 97.Kd5 Rd2+ 98.Nd4 Rd1 99.Ke5 Ke8
100.Ra7 Kd8 101.Nc6+ Kc8 102.Ke4 Rd7 103.Ra1 Kb7 104.Nb4 Rd2 105.Ke5 Rh2
106.Nd5 Rh5+ 107.Kd6 Rh6+ 108.Kc5 Rc6+ 109.Kb5 Rc2 110.Rh1 Kc8 111.Rh7 Kd8
112.Nf6 Rc1 113.Kb6 Rc2 114.Ne4 Ke8 115.Nc5 Kf8 116.Kc6 Rc1 117.Rc7 Ke8 118.Ra7 Kf8
119.Kd6 Rd1+ 120.Ke5 Re1+ 121.Ne4 Ke8 122.Kd5 Kd8 123.Nc3 Ke8 124.Kd6 Kf8
125.Nd5 Rd1 126.Rb7 Rd2  1/2-1/2

[Event "3rd ACT"]
[Site "Amsterdam NED"]
[Date "2006.07.15"]
[Round "1"]
[White "Parker,J"]
[Black "Struk,J"]
[Result "1-0"]
[WhiteElo "2509"]
[BlackElo "2277"]

1.d4 Nf6 2.c4 e6 3.Nc3 Bb4 4.Nf3 O-O 5.Bg5 d5 6.e3 Be7 7.Bd3 h6 8.Bh4 b6
9.O-O Bb7 10.Qe2 Nbd7 11.Bg3 Ne4 12.Rfd1 Nxg3 13.hxg3 c5 14.cxd5 exd5 15.Ba6 Bxa6
16.Qxa6 cxd4 17.Nxd4 Nc5 18.Qe2 Bf6 19.Qf3 Ne6 20.Nde2 Nc7 21.Rab1 Qd7 22.Nxd5 Nxd5
23.Nf4 Qa4 24.Nxd5 Be5 25.a3 g6 26.e4 Rae8 27.b4 Bg7 28.Qd3 Kh7 29.Rbc1 Rc8
30.f4 Bb2 31.Rb1 Bg7 32.e5 Rfd8 33.Qb3 Qb5 34.Ne7 Rxd1+ 35.Rxd1 Rc4 36.Qd3 a6
37.Qd8 h5 38.Qg8+ Kh6 39.Qxf7  1-0

[Event "Canadian Open"]
[Site "Kitchener CAN"]
[Date "2006.07.16"]
[Round "2"]
[White "Moiseenko,A1"]
[Black "Thavandiran,S"]
[Result "1-0"]
[WhiteElo "2649"]
[BlackElo "2264"]

1.d4 e6 2.c4 Nf6 3.Nc3 Bb4 4.Nf3 c5 5.g3 Ne4 6.Bd2 Bxc3 7.bxc3 d6 8.Bg2 Nc6
9.O-O O-O 10.Be3 Qc7 11.Qd3 Nf6 12.Bg5 Nd7 13.Rfd1 h6 14.Be3 b6 15.g4 Ba6
16.dxc5 d5 17.cxb6 axb6 18.Qd2 Bxc4 19.Bf4 Qc8 20.g5 e5 21.Bg3 e4 22.Nh4 hxg5
23.Qxg5 f6 24.Qd2 Nde5 25.f4 Nf7 26.Bf1 Ra3 27.Ng2 Qa6 28.Ne3 Rxa2 29.Rxa2 Qxa2
30.Nxc4 Qxc4 31.Qxd5 Qxc3 32.Qxe4 Rd8 33.Rb1 Nd4 34.Bf2 f5 35.Qe7 Qc5 36.Qe3 Rd6
37.Qe8+ Kh7 38.Qxf7 Rg6+ 39.Qxg6+ Kxg6 40.Rd1 Nxe2+ 41.Bxe2 Qc2 42.Rd6+ Kh7
43.Bf1 Qc1 44.Rxb6 Qxf4 45.Rb3 Qc1 46.Rh3+ Kg8 47.Bd4 f4 48.Rh4 Kf7 49.Rg4 Qd2
50.Rxg7+ Ke6 51.Bh3+ Kd6 52.Bf2 Qc1+ 53.Bf1 Ke5 54.h4 Kf6 55.Bd4+ Kf5 56.Rg5+ Ke6
57.Bf2 f3 58.Rg3 Qf4 59.Bh3+ Kf6 60.Bg4 Kg6 61.Bxf3+ Kh6 62.Kg2 Qd2 63.Be4 Kh5
64.Rd3 Qa2 65.Rd5+ Kg4 66.Bf3+ Kf4 67.Rd4+ Ke5 68.Rg4 Qf7 69.h5  1-0

[Event "ch-Paris"]
[Site "Paris FRA"]
[Date "2006.07.16"]
[Round "9"]
[White "Kazhgaleyev,M"]
[Black "Fedorchuk,S"]
[Result "1-0"]
[WhiteElo "2606"]
[BlackElo "2592"]

1.d4 Nf6 2.c4 e6 3.Nc3 Bb4 4.Nf3 c5 5.g3 Ne4 6.Qd3 Qa5 7.Qxe4 Bxc3+ 8.Bd2 Bxd2+
9.Nxd2 Nc6 10.d5 Nd4 11.Bg2 Nb3 12.Rd1 Qxa2 13.dxe6 dxe6 14.Qe5 O-O 15.O-O Nd4
16.e3 Nb3 17.Nxb3 Qxb3 18.Rd6 Qb4 19.Rfd1 f6 20.Qh5 Qa5 21.Be4 f5 22.Bf3 Qc7
23.Qg5 e5 24.e4 a5 25.Rd8 Be6 26.Rxa8 Rxa8 27.exf5 Bxc4 28.Rc1 Bd3 29.Qe3 Bxf5
30.Rxc5 Qd7 31.Qxe5 Bg4 32.Bd5+ Kf8 33.Rc7 Re8 34.Qf4+ Qf5 35.Qd6+  1-0

[Event "Blue Sevan"]
[Site "Sevan ARM"]
[Date "2006.07.16"]
[Round "4"]
[White "Pashikian,A"]
[Black "Melkumyan,H"]
[Result "1-0"]
[WhiteElo "2508"]
[BlackElo "2360"]

1.d4 Nf6 2.c4 e6 3.Nc3 Bb4 4.Nf3 c5 5.g3 cxd4 6.Nxd4 O-O 7.Bg2 d5 8.cxd5 Nxd5
9.Bd2 Nxc3 10.bxc3 Be7 11.Rb1 e5 12.Rxb7 Bxb7 13.Bxb7 exd4 14.Bxa8 dxc3 15.Bxc3 Qc7
16.Qd2 Rd8 17.Qe3 Bg5 18.Qxg5 Qxc3+ 19.Kf1 Nc6 20.Bxc6 Rd1+ 21.Kg2 Qxc6+
22.f3 Qe8 23.e4 h6 24.Qe3 Rd6 25.Re1 Ra6 26.Qb3 Qe6 27.Qxe6 fxe6 28.Re2 Kf7
29.f4 g5 30.Kf3 Kg6 31.fxg5 Kxg5 32.h4+ Kg6 33.Rc2 Ra5 34.Ke3 Kf6 35.Kf4 h5
36.Rc6 Ra4 37.Rc2 Ra5 38.Rc6 a6 39.Rb6 Ra4 40.Rc6 Ra5 41.a4 Kf7 42.Rc7+ Kf6
43.Rc6 Kf7 44.Rc8 Kg7 45.Ra8 Kf7 46.e5 Rxa4+ 47.Kg5 Rg4+ 48.Kxh5 Rxg3 49.Ra7+ Kf8
50.Rxa6 Kf7 51.Ra7+ Kf8 52.Kh6 Rg4 53.h5 Rg1 54.Ra4 Kg8 55.Rf4 Re1 56.Rg4+ Kf7
57.Rg5 Rf1 58.Rg4 Rf2 59.Ra4 Rf1 60.Ra7+ Kf8 61.Kg6 Rg1+ 62.Kf6 Kg8 63.Kxe6 Rh1
64.Kf6 Rf1+ 65.Kg6 Rg1+ 66.Kf5 Rf1+ 67.Kg5 Rg1+ 68.Kh6 Re1 69.Rg7+ Kf8 70.Rg5 Kf7
71.Kh7 Re2 72.h6 Re1 73.Rf5+ Ke6 74.Kg6 Rh1 75.Rh5  1-0

[Event "Canadian Open"]
[Site "Kitchener CAN"]
[Date "2006.07.18"]
[Round "4"]
[White "Moiseenko,A1"]
[Black "Shetty,R"]
[Result "1-0"]
[WhiteElo "2649"]
[BlackElo "2269"]

1.d4 Nf6 2.c4 e6 3.Nc3 Bb4 4.Nf3 c5 5.g3 cxd4 6.Nxd4 Ne4 7.Qd3 Bxc3+ 8.bxc3 Nc5
9.Qf3 d6 10.Bg2 Nbd7 11.O-O Ne5 12.Qf4 Bd7 13.Nb5 Bxb5 14.cxb5 Rc8 15.Qd4 O-O
16.Bf4 Qa5 17.c4 Qc7 18.Rfd1 Rfd8 19.Rd2 b6 20.Rc1 f6 21.Be3 Qe7 22.h3 Rd7
23.Kh2 Kh8 24.f4 Nf7 25.Qb2 Rdc7 26.Qa3 Kg8 27.Bf2 Kf8 28.Rc3 Kg8 29.Bd4 Kh8
30.Re3 Nd8 31.f5 e5 32.Bxc5 Rxc5 33.Bd5 Qd7 34.Rf3 R8c7 35.e4 Qe7 36.h4 h6
37.Qd3 Kh7 38.g4 Nb7 39.Rg2 Na5 40.g5 Nxc4 41.gxh6 gxh6 42.Rfg3  1-0

[Event "Blue Sevan"]
[Site "Sevan ARM"]
[Date "2006.07.18"]
[Round "6"]
[White "Pashikian,A"]
[Black "Vitiugov,N"]
[Result "0-1"]
[WhiteElo "2508"]
[BlackElo "2555"]

1.d4 Nf6 2.c4 e6 3.Nc3 Bb4 4.Nf3 b6 5.Bg5 Bb7 6.Nd2 h6 7.Bh4 Be7 8.e4 O-O
9.Bg3 d5 10.cxd5 exd5 11.e5 Nfd7 12.Nf3 c5 13.Be2 Na6 14.Nxd5 Bxd5 15.Bxa6 b5
16.O-O Qb6 17.dxc5 Nxc5 18.Qxd5 Rad8 19.Bb7 Rxd5 20.Bxd5 Rd8 21.Rfd1 Na4
22.Rab1 Qg6 23.Bb3 Rxd1+ 24.Rxd1 Nc5 25.h4 Nxb3 26.axb3 Qe6 27.Rd3 Bc5 28.Rc3 Bb6
29.Rd3 Qc6 30.Rd2 Ba5 31.Rd6 Qc1+ 32.Kh2 Qxb2 33.e6 fxe6 34.Nd4 Bc7 35.Rd7 Bxg3+
36.fxg3 a5 37.Nxe6 Qxb3 38.Rxg7+ Kh8 39.Re7 a4 40.h5 a3  0-1

[Event "Canadian Open"]
[Site "Kitchener CAN"]
[Date "2006.07.19"]
[Round "5"]
[White "Moiseenko,A1"]
[Black "Kunte,A"]
[Result "1/2-1/2"]
[WhiteElo "2649"]
[BlackElo "2535"]

1.d4 Nf6 2.c4 e6 3.Nc3 Bb4 4.Nf3 c5 5.g3 Ne4 6.Bd2 Nxd2 7.Qxd2 cxd4 8.Nxd4 a6
9.Bg2 Qc7 10.Rc1 O-O 11.O-O Nc6 12.Rfd1 Rb8 13.a3 Be7 14.b4 Rd8 15.c5 Nxd4
16.Qxd4 b6 17.cxb6 Qxb6 18.Qxb6 Rxb6 19.Na4 Rb8 20.Rc7 Bf8 21.Ra7 d5 22.e4 Rd7
23.Rxd7 Bxd7 24.Nb2 a5 25.exd5  1/2-1/2

[Event "Politiken Cup"]
[Site "Copenhagen DEN"]
[Date "2006.07.23"]
[Round "2"]
[White "Pluemer,D"]
[Black "Lie,T"]
[Result "1-0"]
[WhiteElo "2237"]
[BlackElo "1842"]

1.d4 Nf6 2.c4 e6 3.Nc3 Bb4 4.Nf3 b6 5.Bg5 Bb7 6.Nd2 h6 7.Bh4 g5 8.Bg3 Nh5
9.Be5 f6 10.Qc2 Qe7 11.Bxc7 f5 12.Bxb8 Rxb8 13.a3 Bd6 14.Nb5 a6 15.Nxd6+ Qxd6
16.e3 Nf6 17.b4 Kf7 18.c5 bxc5 19.bxc5 Rhc8 20.f3 Qc7 21.Nc4 Kg7 22.Qd2 Rf8
23.Bd3 g4 24.f4 Bxg2 25.Qxg2 Rb3 26.Qc2 Qc6 27.O-O Rbb8 28.Rfb1 Rbd8 29.Bf1 h5
30.Bg2 Ne4 31.Rb6 Qa8 32.Nd6 Rb8 33.Rab1 Rxb6 34.Rxb6 Qd8 35.Nxe4 fxe4 36.Bxe4 h4
37.Qb2 Rf6 38.d5 exd5 39.Bxd5 Qe7 40.Qxf6+ Qxf6 41.Rxf6 Kxf6 42.c6 dxc6 43.Bxc6 Ke6
44.Kf2 Kd6 45.Bb7 a5 46.Bc8 Kd5 47.Bxg4 Ke4 48.Bd7 Kd5 49.Kf3 Kd6 50.Bb5 Ke6
51.e4 Kd6 52.e5+ Kd5 53.Bd7 Kc5 54.Ke4 Kb6 55.f5 Kb7 56.Bb5 Kc8 57.e6 Kd8
58.f6 h3 59.e7+  1-0

[Event "MTO Open"]
[Site "Biel SUI"]
[Date "2006.07.24"]
[Round "1"]
[White "Citak,S"]
[Black "Alekseev,Evgeny"]
[Result "1/2-1/2"]
[WhiteElo "2258"]
[BlackElo "2644"]

1.d4 Nf6 2.c4 e6 3.Nc3 Bb4 4.Nf3 b6 5.Bg5 h6 6.Bh4 g5 7.Bg3 Ne4 8.Qc2 Bb7
9.e3 Bxc3+ 10.bxc3 d6 11.Bd3 f5 12.d5 Na6 13.Bxe4 fxe4 14.Qxe4 Qf6 15.Qxe6+ Qxe6
16.dxe6 Nc5 17.O-O Bxf3 18.gxf3 Nxe6 19.h4 Kd7 20.hxg5 hxg5 21.Rad1 Raf8
22.Kg2 Rf7 23.e4 Rhf8 24.e5 Nf4+ 25.Bxf4 Rxf4 26.exd6 cxd6 27.Rd3 R8f6 28.Rh1 Kc6
29.Rh7 a5 30.Rg7 Rxc4 31.Rxg5 Ra4 32.Rd2 Ra3 33.Rg8 Kc7 34.Rg7+ Kc6 35.Rg8 Kc7
36.Rg7+ Kc6  1/2-1/2

[Event "Czech Open A"]
[Site "Pardubice CZE"]
[Date "2006.07.24"]
[Round "4"]
[White "Iljin,A"]
[Black "Voloshin,L"]
[Result "1-0"]
[WhiteElo "2508"]
[BlackElo "2432"]

1.d4 Nf6 2.c4 e6 3.Nf3 Bb4+ 4.Nc3 b6 5.Bg5 h6 6.Bh4 Bb7 7.Nd2 Be7 8.e4 d6
9.Bg3 c5 10.d5 O-O 11.Be2 a6 12.a4 Ne8 13.O-O a5 14.f4 Nc7 15.Qb3 Nd7 16.Nf3 Na6
17.e5 exd5 18.cxd5 Nb4 19.Rad1 c4 20.Qxc4 Rc8 21.Qe4 dxe5 22.fxe5 Nc5 23.Qb1 Nxd5
24.Rxd5 Bxd5 25.Rd1 Qc7 26.Nxd5 Qb7 27.Bb5 Rfd8 28.Nxe7+ Qxe7 29.h3 Rxd1+
30.Qxd1 Ne4 31.Be1 Rd8 32.Qe2 Nc5 33.Bh4 g5 34.Bf2 Ne6 35.Bxb6 Nf4 36.Qc2 Rb8
37.Be3 Nd5 38.Bd4 Rd8 39.Bc4 Nf4 40.b3 Qb4 41.Qf5 Qb7 42.e6 fxe6 43.Bxe6+ Nxe6
44.Qxe6+ Qf7 45.Qxh6 Rxd4 46.Qxg5+ Kh8 47.Nxd4 Qc7 48.h4 Qc3 49.Nf5 Qe1+
50.Kh2 Qe5+ 51.Kh3 Qc3+ 52.Qg3  1-0

[Event "XLVIII TCh-POR"]
[Site "Evora POR"]
[Date "2006.07.28"]
[Round "7"]
[White "Dias,P"]
[Black "Hoffman,A"]
[Result "1-0"]
[WhiteElo "2363"]
[BlackElo "2408"]

1.d4 e6 2.c4 Nf6 3.Nf3 Bb4+ 4.Nc3 c5 5.e3 Nc6 6.Be2 O-O 7.O-O Bxc3 8.bxc3 d6
9.Nd2 e5 10.Nb3 b6 11.f4 exf4 12.Bf3 Qc7 13.e4 Ba6 14.Bxf4 Rad8 15.Qd3 cxd4
16.cxd4 Ne5 17.Qc3 Qxc4 18.Rfc1 Nxf3+ 19.gxf3 Qe6 20.d5 Qh3 21.Nd4 Nh5 22.Qe3 f5
23.Nxf5 Bc8 24.Bxd6 Rxd6 25.Nxd6 Nf4 26.Rc2 Qh6 27.Qa3 Bh3 28.Kh1 Ng6 29.Nf5 Qf4
30.d6 Ne5 31.Rg1 Bxf5 32.exf5 Nxf3 33.Rf2 Rxf5 34.Rg3 Qd4 35.Qb3+  1-0

[Event "Czech Open A"]
[Site "Pardubice CZE"]
[Date "2006.07.28"]
[Round "8"]
[White "Natsidis,C"]
[Black "Nogly,C"]
[Result "1-0"]
[WhiteElo "2182"]
[BlackElo "2302"]

1.d4 Nf6 2.c4 e6 3.Nc3 Bb4 4.Nf3 b6 5.Bg5 h6 6.Bh4 g5 7.Bg3 Ne4 8.Qc2 Bb7
9.e3 Bxc3+ 10.bxc3 d6 11.Nd2 Nxg3 12.hxg3 Nd7 13.f3 Qe7 14.a4 a5 15.Bd3 h5
16.O-O-O O-O-O 17.Kb2 h4 18.g4 Nf6 19.Ne4 Nxe4 20.Bxe4 Qd7 21.Ka3 Bxe4 22.Qxe4 Kb8
23.Qd3 f5 24.gxf5 exf5 25.Rde1 Rde8 26.Kb3 Qf7 27.e4 fxe4 28.fxe4 Qg6 29.Rhf1 Rhf8
30.Rxf8 Rxf8 31.Qe3 g4 32.e5 dxe5 33.dxe5 Qe6 34.Qg5 h3 35.gxh3 gxh3 36.Rh1 Rg8
37.Qe3 Rg4 38.Qd3 Rh4  1-0

[Event "Dutch Open"]
[Site "Dieren NED"]
[Date "2006.07.29"]
[Round "5"]
[White "Van den Bergh,P"]
[Black "Hendriks,Ric"]
[Result "1/2-1/2"]
[WhiteElo "2079"]
[BlackElo "2142"]

1.d4 Nf6 2.c4 e6 3.Nc3 Bb4 4.Nf3 O-O 5.g3 d5 6.Bg2 dxc4 7.O-O Bd7 8.Ne5 Bc6
9.Nxc6 Nxc6 10.Qa4 Nd5 11.Nxd5 exd5 12.Qb5 Be7 13.Qxd5 Qxd5 14.Bxd5 Nxd4
15.Bxc4 Bf6 16.Bd2 Rfe8 17.Rae1 b5 18.Bd3 c5 19.f3 Rad8 20.Bc3 b4 21.Bxd4 Bxd4+
22.Kg2 Bxb2 23.Bb5 Re3 24.Rd1 Rxd1 25.Rxd1 Bd4 26.Kf1 Rc3 27.Ba4 g5 28.Rd3 Kf8
29.Rxc3 Bxc3 30.Bb3 f6 31.e3  1/2-1/2

[Event "Czech Open A"]
[Site "Pardubice CZE"]
[Date "2006.07.29"]
[Round "9"]
[White "Stocek,J"]
[Black "Shanava,K"]
[Result "0-1"]
[WhiteElo "2561"]
[BlackElo "2490"]

1.d4 Nf6 2.c4 e6 3.Nc3 Bb4 4.Nf3 b6 5.Bg5 h6 6.Bh4 g5 7.Bg3 Ne4 8.Qc2 Bb7
9.Be5 Bxc3+ 10.bxc3 f6 11.Nd2 fxe5 12.Nxe4 exd4 13.cxd4 Qe7 14.a3 Nc6 15.e3 O-O-O
16.Be2 h5 17.O-O g4 18.c5 Kb8 19.Rab1 Na5 20.Bd3 h4 21.cxb6 cxb6 22.Nc5 bxc5
23.Qa4 c4 24.Bc2 Rh5 25.Be4 Qd6 26.f3 g3 27.f4 Ka8 28.Rxb7 Nxb7 29.Qxc4 Qb8
30.Bf3 d5 31.Qd3 Rf5 32.Rb1 Qc7  0-1

[Event "32nd Open"]
[Site "Sitges ESP"]
[Date "2006.07.29"]
[Round "9"]
[White "Panelo,M"]
[Black "Parligras,M"]
[Result "0-1"]
[WhiteElo "2418"]
[BlackElo "2510"]

1.d4 Nf6 2.c4 e6 3.Nc3 Bb4 4.Nf3 c5 5.g3 Nc6 6.Bg2 Ne4 7.Bd2 Nxd2 8.Qxd2 cxd4
9.Nxd4 Ne5 10.Nc2 Be7 11.Qf4 Qc7 12.O-O d6 13.Nb5 Qb8 14.Rfd1 a6 15.Nc3 Qc7
16.Ne3 Bd7 17.Rac1 Rc8 18.Qd4 O-O 19.Ne4 Rcd8 20.Nxd6 Ba4 21.Qxe5 Bxd6 22.Rxd6 Rxd6
23.Qf4 Rd7 24.Qh4 Rd2 25.Be4 f5 26.Bd3 Rxb2 27.g4 Qf4 28.Qe7 fxg4 29.Rf1 Qf6
30.Qa3 Bc6 31.Nxg4 Qf4 32.f3 Rd2 33.Qe7 Qd4+ 34.Nf2 Qf6 35.Qd6 Rd8 36.Qg3 Rxa2
37.Ng4 Qd4+ 38.Kh1 Be8 39.Rg1 Ra1 40.Rxa1 Qxa1+ 41.Kg2 Qd4 42.Qh4 h5  0-1

[Event "Politiken Cup"]
[Site "Copenhagen DEN"]
[Date "2006.07.30"]
[Round "9"]
[White "Brondum,E"]
[Black "Preuss,F"]
[Result "1/2-1/2"]
[WhiteElo "2202"]
[BlackElo "2023"]

1.d4 Nf6 2.Nf3 e6 3.c4 Bb4+ 4.Nc3 c5 5.a3 Bxc3+ 6.bxc3 O-O 7.e3 d6 8.Bd3 Qe7
9.e4 e5 10.d5 Ne8 11.Bg5 f6 12.Bh4 g6 13.Nd2 Ng7 14.O-O Nd7 15.a4 Rf7 16.a5 Nf8
17.Be2 h5 18.Bg3 f5 19.f3 f4  1/2-1/2

[Event "35th TCh-GRE"]
[Site "Ermioni GRE"]
[Date "2006.07.??"]
[Round "8"]
[White "Papadopoulou,V"]
[Black "Makka,I"]
[Result "1-0"]
[WhiteElo "2217"]
[BlackElo "2219"]

1.d4 Nf6 2.c4 e6 3.Nc3 Bb4 4.Nf3 b6 5.Bg5 Bb7 6.e3 h6 7.Bh4 g5 8.Bg3 Ne4
9.Qc2 d6 10.Bd3 Bxc3+ 11.bxc3 Nxg3 12.hxg3 g4 13.Nh4 Qg5 14.Be4 c6 15.O-O O-O
16.Rfd1 d5 17.cxd5 cxd5 18.Bd3 Nc6 19.Rac1 Rac8 20.Qe2 Na5 21.e4 dxe4 22.Bxe4 Bxe4
23.Qxe4 Rc4 24.Re1 Rd8 25.Rc2 Rd5 26.Kh2 Nb7 27.Qe2 Nd6 28.f4 Qg7 29.Qd1 Nf5
30.Nxf5 Rxf5 31.Re5 Qg6 32.Qe2 b5 33.Qd1 Rh5+ 34.Kg1 Rxe5 35.dxe5 b4 36.Rb2 a5
37.cxb4 axb4 38.Qe2 Re4 39.Qd2 h5 40.Rxb4 Rxb4 41.Qxb4 h4 42.Qd2 Kg7 43.gxh4 Qh7
44.Qf2 Qd3 45.Kh2 Kg6 46.g3 Qa3 47.Qc2+ Kh6 48.Qe2 Kh5 49.Qd2 Kg6 50.Qc2+ Kh6
51.Qd2 Kg6 52.f5+ Kxf5 53.Qf4+ Kg6 54.Qf6+ Kh7 55.Qxf7+ Kh8 56.Qh5+ Kg7 57.Qxg4+ Kf7
58.Qf4+ Kg8 59.Qd2 Qa6 60.Qc2 Kg7 61.h5 Kg8 62.Qd2 Kh7 63.Qf2 Qc4 64.Kh3 Qd5
65.Qf7+ Kh8 66.Qf6+ Kh7 67.Kh4 Qxa2 68.Qg6+ Kh8 69.Qf6+ Kh7 70.Qf7+ Kh8 71.Kg5 Qb3
72.Kh6 Qe3+  1-0

[Event "4th Marx György Mem"]
[Site "Paks HUN"]
[Date "2006.08.01"]
[Round "5"]
[White "Wang Yue"]
[Black "Harikrishna,P"]
[Result "1/2-1/2"]
[WhiteElo "2626"]
[BlackElo "2682"]

1.d4 Nf6 2.c4 e6 3.Nc3 Bb4 4.Nf3 c5 5.g3 Nc6 6.Bg2 Ne4 7.Bd2 Nxd2 8.Qxd2 cxd4
9.Nxd4 Ne5 10.Nc2 Be7 11.b3 O-O 12.O-O a6 13.Rfd1 Qc7 14.Rac1 d6 15.Nd4  1/2-1/2

[Event "VIII Open"]
[Site "Sants ESP"]
[Date "2006.08.01"]
[Round "8"]
[White "Gonzalez Garcia,J"]
[Black "Giorgadze,G1"]
[Result "1/2-1/2"]
[WhiteElo "2503"]
[BlackElo "2607"]

1.d4 Nf6 2.c4 e6 3.Nc3 Bb4 4.Nf3 d5 5.Qa4+ Nc6 6.e3 O-O 7.Bd2 a6 8.a3 Be7
9.Qc2 Bd7 10.Bd3 dxc4 11.Bxc4 Bd6 12.Ne4 e5 13.Nxd6 cxd6 14.dxe5 dxe5 15.Bc3 Bc8  1/2-1/2

[Event "Agentura 64 Cup"]
[Site "Olomouc CZE"]
[Date "2006.08.02"]
[Round "1"]
[White "Salmoiraghi,A"]
[Black "Lasinskas,P"]
[Result "1/2-1/2"]
[WhiteElo "2015"]
[BlackElo "2124"]

1.d4 Nf6 2.c4 e6 3.Nc3 Bb4 4.Nf3 Qe7 5.Bg5 h6 6.Bh4 Bxc3+ 7.bxc3 Qa3 8.Qb3 Qxb3
9.axb3 Ne4 10.Rc1 g5 11.Bg3 d6 12.Nd2 Nxd2 13.Kxd2 f5 14.e3 Nd7 15.Bd3 Nf6
16.f3 Bd7 17.c5 Ke7 18.cxd6+ cxd6 19.c4 Nh5 20.Bf2 f4 21.e4 Kf6 22.e5+ dxe5
23.dxe5+ Kf7 24.Be4 Bc6 25.Bxc6 bxc6 26.Rhd1 Ng7 27.Kc2 Nf5 28.Rd7+ Kg6 29.Ra1 a5
30.Rc7 Ra6 31.b4 Ne3+ 32.Bxe3 fxe3 33.Kd3 a4 34.b5 cxb5 35.cxb5 Ra5 36.Rc5 Kf5
37.Kxe3 h5 38.g3 a3 39.Ra2 Rb8 40.h3 Rbxb5 41.g4+ Kg6 42.Rxb5 Rxb5 43.Rxa3 Rxe5+
44.Kf2  1/2-1/2

[Event "Agentura 64 Cup"]
[Site "Olomouc CZE"]
[Date "2006.08.03"]
[Round "2"]
[White "Lasinskas,P"]
[Black "Fiala,Ji"]
[Result "1-0"]
[WhiteElo "2124"]
[BlackElo "2102"]

1.d4 Nf6 2.c4 e6 3.Nc3 Bb4 4.Nf3 b6 5.Bg5 Bb7 6.e3 O-O 7.Qc2 d5 8.Ne5 Be7
9.f4 Ne4 10.Nxe4 dxe4 11.Bxe7 Qxe7 12.O-O-O f6 13.Ng4 a5 14.Nf2 f5 15.g4 Na6
16.a3 c5 17.d5 Rad8 18.gxf5 exf5 19.Rg1 Qf6 20.Be2 Nc7 21.Kb1 Kh8 22.Rg3 Ba6
23.a4 Ne8 24.Rdg1 Rd7 25.Nh3 Bc8 26.Ng5 Rb7 27.Bh5 Nd6 28.Nxh7 Kxh7 29.Rg6 Qe7
30.Qg2 Rh8 31.Rh6+ Kg8 32.Rxh8+ Kxh8 33.Qh3 Kg8 34.Bg6 Nf7 35.Qh7+ Kf8 36.Bh5 Nh6
37.Qh8+ Ng8 38.Bg6 Qf6 39.h4 b5 40.axb5 Rb6 41.h5 a4 42.Bh7 Qf7 43.Rg6 Rf6
44.Rxf6 gxf6 45.Qxg8+ Qxg8 46.Bxg8 Kxg8 47.d6  1-0

[Event "MTO Open"]
[Site "Biel SUI"]
[Date "2006.08.04"]
[Round "11"]
[White "Citak,S"]
[Black "Pavlovic,Milo"]
[Result "0-1"]
[WhiteElo "2258"]
[BlackElo "2497"]

1.d4 Nf6 2.c4 e6 3.Nc3 Bb4 4.Nf3 b6 5.Bg5 Bb7 6.e3 h6 7.Bh4 Bxc3+ 8.bxc3 d6
9.Bd3 Nbd7 10.Qc2 Qe7 11.Bxf6 Nxf6 12.Nd2 O-O 13.O-O e5 14.Ne4 Rae8 15.Ng3 g6
16.Rae1 e4 17.Be2 h5 18.f4 exf3 19.Bxf3 Bxf3 20.Rxf3 c6 21.Qa4 c5 22.Qc2 Kg7
23.Nf1 Rc8 24.e4 cxd4 25.cxd4 b5 26.e5 dxe5 27.dxe5 Ng4 28.Qb2 Qc5+ 29.Kh1 bxc4
30.Ng3 c3 31.Qc1 Rc6 32.Qg5 Nf2+ 33.Rxf2 Qxf2 34.Rf1 Qxf1+ 35.Nxf1 c2 36.Qc1 Rb8
37.Nd2 Rd8 38.e6 Rxd2  0-1